Familial water supply in rolear paear district, kampong chhang province, ការផ្គត់ផ្គង់ទឹកស្អាតជាលក្ខណៈគរួសារនៅក្នុងស្រុករលាប្អៀរ ខេត្តកំពង់ឆ្នំាង. (Record no. 4201)

000 -LEADER
fixed length control field 00674nam a22001577a 4500
003 - CONTROL NUMBER IDENTIFIER
control field OSt
005 - DATE AND TIME OF LATEST TRANSACTION
control field 20151208094935.0
008 - FIXED-LENGTH DATA ELEMENTS--GENERAL INFORMATION
fixed length control field 151208b xxu||||| |||| 00| 0 eng d
040 ## - CATALOGING SOURCE
Transcribing agency RUA
082 ## - DEWEY DECIMAL CLASSIFICATION NUMBER
Classification number ATM SAO 2000 B191 Or.1
100 ## - MAIN ENTRY--PERSONAL NAME
9 (RLIN) 4505
Personal name SAO VIBOL; សៅ វិបុល.
245 ## - TITLE STATEMENT
Title Familial water supply in rolear paear district, kampong chhang province, ការផ្គត់ផ្គង់ទឹកស្អាតជាលក្ខណៈគរួសារនៅក្នុងស្រុករលាប្អៀរ ខេត្តកំពង់ឆ្នំាង.
260 ## - PUBLICATION, DISTRIBUTION, ETC. (IMPRINT)
Place of publication, distribution, etc. Phnom Penh
Name of publisher, distributor, etc. RUA
Date of publication, distribution, etc. 2000
300 ## - PHYSICAL DESCRIPTION
Extent x; 54p.
Other physical details ill.
Dimensions 29cm.
942 ## - ADDED ENTRY ELEMENTS (KOHA)
Source of classification or shelving scheme
Koha item type ATM
Holdings
Price effective from Date last seen Permanent Location Not for loan Date acquired Source of classification or shelving scheme Koha item type Lost status Withdrawn status Date last checked out Total Checkouts Shelving location Damaged status Barcode Current Location Full call number
2015-12-082019-04-29Library Block B 2015-12-08 ATM  2019-03-151B191 RUA009454Library Block BATM SAO 2000 B191 Or.1
2015-12-082015-12-08Library Block B 2015-12-08 ATM    B191 RUA009381Library Block BATM SAO 2000 B191 Or.2
2015-12-082015-12-08Library Block B 2015-12-08 ATM    B191 RUA009526Library Block BATM SAO 2000 B191 Or.3
2015-12-082015-12-08Library Block B 2015-12-08 ATM    B191 RUA009701Library Block BATM SAO 2000 B191 Or.4
មជ្ឈមណ្ឌលឯការនៃសាកលវិទ្យាល័យភូមិន្ទកសិកម្មចំការដូង

Powered by Koha